000
00223nam a2200085Ia 4500
008
170617s9999 xx 000 0 und d
100
_a
CHANDRUL- KAUSHAL K.
245
0
_a
DRUG REGULATORY AFFAIRS & VALIDATION
260
_b
JAIPUR- VARDHANS
260
_c
2009
999
_c
15468
_d
15468